| 000 | 00419nam a22001691a 4500 | ||
|---|---|---|---|
| 020 | _a9788170555360 | ||
| 082 |
_aH3 (FTr.) _bSAL/A |
||
| 100 | _aSalman Rushdie | ||
| 245 |
_aAadhee raat ki santanaim/ _cby Salman Rushdie |
||
| 260 |
_aNew Delhi: _bVani, _c1999. |
||
| 300 | _a586p. | ||
| 650 | _aTranslation English Novel | ||
| 650 | _aNovel Hindi | ||
| 650 | _aLiterature Hindi | ||
| 650 | _aLiterature | ||
| 942 | _cBK | ||
| 999 |
_c141 _d141 |
||